[Event "HSG Open 2016"]
[Site "Hilversum"]
[Date "2016.06.17"]
[Round "1.12"]
[White "Van der Velde, Wytse"]
[Black "Van de Griendt, Jan Willem"]
[Result "0-1"]
[BlackElo "2342"]
[WhiteElo "1991"]
[LiveChessVersion "1.4.8"]

1. e4 {[%clk 1:50:17]} e6 {[%clk 1:50:14]} 2. d4 {[%clk 1:50:21]} d5
{[%clk 1:50:20]} 3. Nd2 {[%clk 1:50:16]} Be7 {[%clk 1:49:24]} 4. c3
{[%clk 1:48:57]} c5 {[%clk 1:49:05]} 5. exd5 {[%clk 1:48:46]} exd5
{[%clk 1:49:04]} 6. dxc5 {[%clk 1:48:49]} Bxc5 {[%clk 1:49:10]} 7. Bb5+
{[%clk 1:46:08]} Nc6 {[%clk 1:49:12]} 8. Qe2+ {[%clk 1:43:28]} Nge7
{[%clk 1:49:01]} 9. Ngf3 {[%clk 1:42:44]} O-O {[%clk 1:48:51]} 10. Nb3
{[%clk 1:40:03]} Bd6 {[%clk 1:45:18]} 11. O-O {[%clk 1:32:58]} Re8
{[%clk 1:40:27]} 12. Nbd4 {[%clk 1:26:11]} Bd7 {[%clk 1:27:42]} 13. Qd3
{[%clk 1:17:53]} a6 {[%clk 1:19:31]} 14. Bxc6 {[%clk 1:11:12]} bxc6
{[%clk 1:15:26]} 15. Re1 {[%clk 1:00:56]} c5 {[%clk 0:59:49]} 16. Ne2
{[%clk 0:50:28]} Bf5 {[%clk 0:54:21]} 17. Qd1 {[%clk 0:47:47]} Qc7
{[%clk 0:54:25]} 18. Ng3 {[%clk 0:44:01]} Bg4 {[%clk 0:54:06]} 19. Be3
{[%clk 0:32:32]} Rab8 {[%clk 0:50:30]} 20. b3 {[%clk 0:31:04]} a5
{[%clk 0:40:55]} 21. Nf1 {[%clk 0:21:50]} h6 {[%clk 0:37:38]} 22. h3
{[%clk 0:19:51]} Bd7 {[%clk 0:30:10]} 23. Qd2 {[%clk 0:17:43]} a4
{[%clk 0:25:27]} 24. bxa4 {[%clk 0:16:59]} Ra8 {[%clk 0:25:26]} 25. N1h2
{[%clk 0:11:44]} Rxa4 {[%clk 0:25:02]} 26. Kh1 {[%clk 0:07:38]} Bf5
{[%clk 0:21:23]} 27. Re2 {[%clk 0:05:18]} Rea8 {[%clk 0:18:32]} 28. Qe1
{[%clk 0:03:10]} Bd3 {[%clk 0:17:25]} 29. Rb2 {[%clk 0:02:52]} Nf5
{[%clk 0:15:14]} 30. Qd2 {[%clk 0:02:33]} Be4 {[%clk 0:15:01]} 31. Qe2
{[%clk 0:01:41]} Ra3 {[%clk 0:13:40]} 32. Bd2 {[%clk 0:01:42]} Re8
{[%clk 0:09:40]} 33. Qd1 {[%clk 0:00:25]} d4 {[%clk 0:08:59]} 34. cxd4
{[%clk 0:00:26]} Bxh2 {[%clk 0:08:46]} 35. Nxh2 {[%clk 0:00:31]} Rxh3
{[%clk 0:08:49]} 36. Qg1 {[%clk 0:00:14]} Nxd4 {[%clk 0:07:04]} 37. Re1
{[%clk 0:00:19]} Nf3 {[%clk 0:06:50]} 38. Rxe4 {[%clk 0:00:27]} Qxh2+
{[%clk 0:06:45]} 0-1

[Event "HSG Open 2016"]
[Site "Hilversum"]
[Date "2016.06.17"]
[Round "2.1"]
[White "De Roda Husman, Juan"]
[Black "Dgebuadze, Alexandre"]
[Result "0-1"]
[BlackElo "2510"]
[WhiteElo "2242"]
[LiveChessVersion "1.4.8"]

1. Nf3 {[%clk 1:50:17]} Nf6 {[%clk 1:47:45]} 2. c4 {[%clk 1:50:10]} e6
{[%clk 1:47:43]} 3. g3 {[%clk 1:50:01]} a6 {[%clk 1:47:35]} 4. Bg2
{[%clk 1:49:07]} b5 {[%clk 1:47:35]} 5. b3 {[%clk 1:45:29]} c5 {[%clk 1:47:06]}
6. O-O {[%clk 1:44:20]} Bb7 {[%clk 1:47:09]} 7. Bb2 {[%clk 1:42:36]} Be7
{[%clk 1:46:26]} 8. e3 {[%clk 1:38:03]} Qb6 {[%clk 1:44:37]} 9. Na3
{[%clk 1:34:09]} d5 {[%clk 1:41:13]} 10. Rb1 {[%clk 1:32:14]} Nbd7
{[%clk 1:36:48]} 11. d4 {[%clk 1:23:47]} O-O {[%clk 1:33:01]} 12. Nc2
{[%clk 1:19:37]} Rac8 {[%clk 1:24:44]} 13. dxc5 {[%clk 1:16:12]} Qa7
{[%clk 1:10:43]} 14. cxd5 {[%clk 1:07:21]} Bxd5 {[%clk 1:04:56]} 15. b4
{[%clk 1:02:24]} Bxa2 {[%clk 1:04:14]} 16. Ra1 {[%clk 1:01:50]} Bc4
{[%clk 1:03:52]} 17. Nfd4 {[%clk 1:00:19]} Rfd8 {[%clk 0:32:37]} 18. Qb1
{[%clk 0:52:39]} Bxf1 {[%clk 0:30:08]} 19. Qxf1 {[%clk 0:51:35]} Nb8
{[%clk 0:26:44]} 20. Nxb5 {[%clk 0:47:11]} Qd7 {[%clk 0:26:46]} 21. Nbd4
{[%clk 0:46:58]} Nd5 {[%clk 0:26:39]} 22. e4 {[%clk 0:45:58]} Nc7
{[%clk 0:14:38]} 23. Ne3 {[%clk 0:43:27]} Bf6 {[%clk 0:11:42]} 24. Rd1
{[%clk 0:38:06]} Qa4 {[%clk 0:10:03]} 25. Qc4 {[%clk 0:35:35]} Bxd4
{[%clk 0:08:20]} 26. Rxd4 {[%clk 0:35:17]} Nc6 {[%clk 0:07:22]} 27. Rxd8+
{[%clk 0:33:03]} Rxd8 {[%clk 0:07:27]} 28. Qc3 {[%clk 0:31:06]} f6
{[%clk 0:04:32]} 29. Bf1 {[%clk 0:29:28]} Qxb4 {[%clk 0:04:25]} 30. Qxb4
{[%clk 0:29:00]} Nxb4 {[%clk 0:04:33]} 31. Bc4 {[%clk 0:28:30]} Nd3
{[%clk 0:03:59]} 32. Ba3 {[%clk 0:28:29]} Ne5 {[%clk 0:03:22]} 33. Be2
{[%clk 0:27:57]} Nb5 {[%clk 0:03:00]} 34. Bb4 {[%clk 0:27:37]} Rd4
{[%clk 0:02:22]} 35. Ba5 {[%clk 0:26:42]} Rxe4 {[%clk 0:01:57]} 36. Bb6
{[%clk 0:26:13]} Ra4 {[%clk 0:01:26]} 37. f4 {[%clk 0:25:58]} Nd7
{[%clk 0:00:57]} 38. Bc4 {[%clk 0:26:02]} Nxb6 {[%clk 0:00:29]} 39. cxb6
{[%clk 0:25:51]} Nd6 {[%clk 0:00:38]} 40. Bxe6+ Kf8 41. Nd5 {[%clk 0:25:36]} Ra1+
{[%clk 0:00:50]} 42. Kf2 {[%clk 0:25:38]} Rb1 {[%clk 0:00:58]} 43. f5
{[%clk 0:25:03]} Nc4 {[%clk 0:01:02]} 44. Nc7 {[%clk 0:24:46]} Rb2+
{[%clk 0:01:00]} 45. Kg1 {[%clk 0:24:35]} Nxb6 {[%clk 0:01:07]} 46. Nxa6
{[%clk 0:24:37]} Ke7 {[%clk 0:01:07]} 47. Nc5 {[%clk 0:24:17]} Kd6
{[%clk 0:01:00]} 48. Nd3 {[%clk 0:24:12]} Rd2 {[%clk 0:00:42]} 49. Nf4
{[%clk 0:23:43]} Na4 {[%clk 0:00:31]} 50. Nh5 {[%clk 0:23:39]} Nc5
{[%clk 0:00:32]} 51. Nxg7 {[%clk 0:23:25]} Nd3 {[%clk 0:00:33]} 52. Nh5
{[%clk 0:23:07]} Ke5 {[%clk 0:00:41]} 53. g4 {[%clk 0:22:51]} Ne1
{[%clk 0:00:46]} 54. Kf1 {[%clk 0:22:46]} Nf3 {[%clk 0:00:53]} 55. h3
{[%clk 0:22:46]} Ng5 {[%clk 0:01:01]} 0-1

[Event "HSG Open 2016"]
[Site "Hilversum"]
[Date "2016.06.17"]
[Round "2.2"]
[White "Leenhouts, Koen"]
[Black "Visser, Henk-Jan"]
[Result "1-0"]
[BlackElo "2251"]
[WhiteElo "2488"]
[LiveChessVersion "1.4.8"]

1. d4 d5 2. c4 c6 3. Nf3 Nf6 4. g3 a6 5. Bg2 g6 6. cxd5 cxd5 7. O-O Bg7 8. Nc3
O-O 9. Ne5 e6 10. b3 Nfd7 11. f4 f5 12. Ba3 Re8 13. Rc1 Qa5 14. Bb2 Nxe5 15. dxe5
Qb6+ 16. Kh1 Bd7 17. g4 fxg4 18. e4 d4 19. Na4 Bxa4 20. Bxd4 Qd8 21. bxa4 Nc6 22.
Be3 Qxd1 23. Rfxd1 Rad8 24. Bf1 Rxd1 25. Rxd1 g5 26. fxg5 Nxe5 27. h4 Rc8 28. h5
Rc2 29. Bf4 Nf3 30. Rd8+ Kf7 31. Rd7+ Kg8 32. Bd3 Rb2 33. Bc4 Bd4 34. Bxe6+ Kf8
35. Bxg4 Be5 36. Bxf3 Bxf4 37. g6 hxg6 38. hxg6 Be5 39. Rf7+ Kg8 40. Bg4 Rb6 41.
Bf5 a5 42. Kg2 Rd6 43. Rxb7 Bc3 44. Kf3 Rd1 45. Be6+ Kf8 46. g7+ 1-0

[Event "HSG Open 2016"]
[Site "Hilversum"]
[Date "2016.06.17"]
[Round "2.3"]
[White "Floor, Dirk"]
[Black "Pruijssers, Roeland"]
[Result "0-1"]
[BlackElo "2465"]
[WhiteElo "2225"]
[LiveChessVersion "1.4.8"]

1. e4 {[%clk 1:50:12]} e5 {[%clk 1:46:27]} 2. Nf3 {[%clk 1:50:11]} d6
{[%clk 1:46:23]} 3. d4 {[%clk 1:50:00]} exd4 {[%clk 1:46:26]} 4. Nxd4
{[%clk 1:49:55]} Nf6 {[%clk 1:46:30]} 5. Nc3 {[%clk 1:49:50]} Be7
{[%clk 1:46:33]} 6. g3 {[%clk 1:49:08]} O-O {[%clk 1:44:22]} 7. Bg2
{[%clk 1:49:11]} Re8 {[%clk 1:44:04]} 8. O-O {[%clk 1:48:56]} Bf8
{[%clk 1:44:06]} 9. h3 {[%clk 1:43:16]} c6 {[%clk 1:43:55]} 10. Bf4
{[%clk 1:40:37]} Nbd7 {[%clk 1:40:57]} 11. Re1 {[%clk 1:39:47]} Ne5
{[%clk 1:39:11]} 12. Qe2 {[%clk 1:31:39]} b5 {[%clk 1:27:03]} 13. Bxe5
{[%clk 1:09:17]} dxe5 {[%clk 1:27:04]} 14. Nxc6 {[%clk 1:08:47]} Qc7
{[%clk 1:26:07]} 15. Qxb5 {[%clk 1:05:18]} Bd7 {[%clk 1:25:23]} 16. Nd5
{[%clk 1:02:55]} Qd6 {[%clk 1:18:04]} 17. Ndb4 {[%clk 0:46:09]} a5
{[%clk 1:16:41]} 18. f4 {[%clk 0:32:17]} axb4 {[%clk 1:13:07]} 19. fxe5
{[%clk 0:32:00]} Qc5+ {[%clk 1:10:29]} 20. Qxc5 {[%clk 0:32:00]} Bxc5+
{[%clk 1:10:33]} 21. Kh2 {[%clk 0:30:58]} Nh5 {[%clk 1:09:39]} 22. Nxb4
{[%clk 0:24:59]} Bxb4 {[%clk 1:08:55]} 23. c3 {[%clk 0:24:35]} Bc5
{[%clk 1:08:50]} 24. e6 {[%clk 0:22:34]} Bxe6 {[%clk 1:07:15]} 25. Rf1
{[%clk 0:20:23]} g6 {[%clk 1:06:19]} 26. e5 {[%clk 0:13:38]} Rxa2
{[%clk 1:05:49]} 27. Rxa2 {[%clk 0:13:41]} Bxa2 {[%clk 1:05:53]} 28. Ra1
{[%clk 0:11:27]} Bb3 {[%clk 1:05:51]} 0-1

[Event "HSG Open 2016"]
[Site "Hilversum"]
[Date "2016.06.17"]
[Round "2.4"]
[White "Ten Hertog, Hugo"]
[Black "Afek, Yochanan"]
[Result "1-0"]
[BlackElo "2243"]
[WhiteElo "2447"]
[LiveChessVersion "1.4.8"]

1. b3 e5 2. Bb2 Nc6 3. c4 Nf6 4. d3 d5 5. cxd5 Nxd5 6. Nd2 Be6 7. Ngf3 f6 8. Rc1
a5 9. a3 Bd6 10. Nc4 Be7 11. g3 O-O 12. Bg2 Qd7 13. O-O Bh3 14. Bxh3 Qxh3 15. e4
Nb6 16. Ne3 Rfd8 17. b4 axb4 18. Qb3+ Kf8 19. axb4 Ra4 20. Rxc6 bxc6 21. Nf5 g6
22. Nxe7 Kxe7 23. Bxe5 Qe6 24. Qxe6+ Kxe6 25. Nd4+ Kf7 26. Nxc6 Rd7 27. Bd4 Ra3
28. Bxb6 cxb6 29. d4 g5 30. Kg2 g4 31. h3 Rc3 32. d5 Rc4 33. Re1 h5 34. hxg4 hxg4
35. b5 Ke8 36. e5 Rxd5 37. exf6+ Kf8 38. Re7 Rf5 39. Ne5 Rxf6 40. Rb7 Rd4 41.
Nd7+ Rxd7 42. Rxd7 Rf5 43. Rd4 Rg5 44. Re4 Kf7 45. Kf1 Kf6 46. Ke2 Kf7 47. Ke3
Kf6 48. Kf4 Rxb5 49. Kxg4 Rd5 50. f4 Rd8 51. Rb4 Rb8 52. Rb5 Ke6 53. f5+ Kd6 54.
Kg5 Kc6 55. Rb1 b5 56. f6 Kd6 57. Rd1+ Ke6 58. Re1+ Kf7 59. Re7+ Kg8 60. Kg6 b4
61. Rg7+ 1-0

[Event "HSG Open 2016"]
[Site "Hilversum"]
[Date "2016.06.17"]
[Round "2.5"]
[White "Kuipers, Stefan"]
[Black "Ni, Viktorija"]
[Result "0-1"]
[BlackElo "2217"]
[WhiteElo "2409"]
[LiveChessVersion "1.4.8"]

1. e4 c5 {[%clk 1:43:58]} 2. Nf3 {[%clk 1:50:20]} e6 {[%clk 1:43:48]} 3. d4
{[%clk 1:50:23]} cxd4 4. Nxd4 {[%clk 1:50:29]} a6 {[%clk 1:43:54]} 5. Bd3
{[%clk 1:50:32]} Qc7 {[%clk 1:43:42]} 6. O-O {[%clk 1:46:47]} Nc6 7. Nxc6 dxc6
{[%clk 1:40:35]} 8. Qe2 {[%clk 1:42:58]} e5 {[%clk 1:35:43]} 9. a4
{[%clk 1:41:22]} Nf6 {[%clk 1:28:38]} 10. Nd2 {[%clk 1:35:10]} Bg4
{[%clk 1:25:05]} 11. Qe3 {[%clk 1:32:48]} Be7 12. a5 {[%clk 1:23:30]} Nh5
{[%clk 1:15:58]} 13. Nc4 {[%clk 1:20:03]} h6 {[%clk 1:04:02]} 14. g3
{[%clk 0:56:01]} Bh3 15. Rd1 {[%clk 0:53:01]} O-O {[%clk 0:56:54]} 16. Qe2 Nf6
{[%clk 0:54:06]} 17. Be3 {[%clk 0:52:55]} Nd7 {[%clk 0:52:17]} 18. Nb6
{[%clk 0:44:25]} Nxb6 {[%clk 0:41:43]} 19. Bxb6 {[%clk 0:43:41]} Qc8
{[%clk 0:41:47]} 20. Qe1 {[%clk 0:37:49]} Qe6 {[%clk 0:37:57]} 21. Be2
{[%clk 0:32:34]} Qg6 {[%clk 0:33:51]} 22. Bf1 {[%clk 0:27:31]} Bg4
{[%clk 0:32:59]} 23. Rd3 {[%clk 0:27:26]} h5 {[%clk 0:28:30]} 24. h3
{[%clk 0:25:13]} Be6 {[%clk 0:28:01]} 25. Rad1 {[%clk 0:21:56]} Rfe8 26. Bg2 h4
{[%clk 0:18:54]} 27. g4 {[%clk 0:21:35]} Rac8 28. Qc3 {[%clk 0:11:58]} c5
{[%clk 0:14:22]} 29. Qxe5 c4 {[%clk 0:11:35]} 30. R3d2 {[%clk 0:11:40]} Bg5
{[%clk 0:08:45]} 31. Rd6 {[%clk 0:09:54]} Be7 {[%clk 0:08:22]} 32. R6d2
{[%clk 0:08:54]} Bg5 {[%clk 0:08:34]} 33. Rd6 {[%clk 0:07:56]} Be7 34. f4
{[%clk 0:06:18]} Bxd6 {[%clk 0:06:11]} 35. Qxd6 {[%clk 0:06:23]} Rc6
{[%clk 0:05:32]} 36. Qd4 {[%clk 0:06:08]} Bxg4 37. f5 {[%clk 0:04:11]} Qg5
{[%clk 0:04:22]} 38. hxg4 {[%clk 0:03:31]} Qxg4 {[%clk 0:04:21]} 39. Kf1
{[%clk 0:03:10]} h3 {[%clk 0:03:02]} 40. Bh1 {[%clk 0:03:17]} c3 {[%clk 0:01:02]}
41. b3 {[%clk 0:03:16]} h2 {[%clk 0:00:51]} 42. Kf2 {[%clk 0:02:38]} Qf4+
{[%clk 0:00:42]} 43. Bf3 {[%clk 0:02:37]} Rh6 {[%clk 0:00:40]} 44. Qe3
{[%clk 0:02:29]} Qh4+ {[%clk 0:00:34]} 45. Ke2 {[%clk 0:02:35]} Qg3
{[%clk 0:00:37]} 46. Qf2 {[%clk 0:02:19]} Qe5 {[%clk 0:00:35]} 47. Be3
{[%clk 0:02:15]} Qb5+ {[%clk 0:00:44]} 48. Rd3 {[%clk 0:01:54]} h1=Q
{[%clk 0:00:32]} 49. Bxh1 {[%clk 0:02:02]} Rxh1 {[%clk 0:00:41]} 50. Qg2
{[%clk 0:02:06]} Rh4 51. f6 {[%clk 0:01:00]} g6 {[%clk 0:00:25]} 52. Kf2
{[%clk 0:00:58]} Rhxe4 {[%clk 0:00:19]} 53. Rxc3 {[%clk 0:00:59]} Qe5
{[%clk 0:00:18]} 0-1

[Event "HSG Open 2016"]
[Site "Hilversum"]
[Date "2016.06.17"]
[Round "2.6"]
[White "Overeem, Marc"]
[Black "Blees, Albert"]
[Result "1/2-1/2"]
[BlackElo "2403"]
[WhiteElo "2193"]
[LiveChessVersion "1.4.8"]

1. Nf3 {[%clk 1:50:13]} Nf6 {[%clk 1:49:47]} 2. g3 {[%clk 1:50:10]} b6
{[%clk 1:49:12]} 3. Bg2 {[%clk 1:50:01]} Bb7 {[%clk 1:49:13]} 4. O-O
{[%clk 1:49:53]} c5 {[%clk 1:48:33]} 5. c4 {[%clk 1:49:23]} g6 {[%clk 1:48:11]}
6. Nc3 {[%clk 1:48:49]} Bg7 {[%clk 1:48:10]} 7. d4 {[%clk 1:48:10]} cxd4
{[%clk 1:48:09]} 8. Qxd4 {[%clk 1:48:04]} O-O {[%clk 1:48:00]} 9. Qh4
{[%clk 1:41:42]} Na6 {[%clk 1:43:09]} 10. Bh6 {[%clk 1:38:29]} Rc8
{[%clk 1:41:05]} 11. Bxg7 {[%clk 1:33:00]} Kxg7 {[%clk 1:41:05]} 12. Rfd1
{[%clk 1:31:36]} Nc5 {[%clk 1:33:42]} 13. Nd5 {[%clk 1:22:03]} Nce4
{[%clk 1:21:14]} 14. Nxf6 {[%clk 1:05:51]} Nxf6 {[%clk 1:20:17]} 15. Qd4
{[%clk 1:02:53]} Qc7 {[%clk 1:10:32]} 16. b3 {[%clk 0:59:07]} Rfd8
{[%clk 1:04:20]} 17. Bh3 {[%clk 0:53:22]} Qc5 {[%clk 1:01:16]} 18. Qb2
{[%clk 0:46:05]} Kg8 {[%clk 1:00:05]} 19. Rac1 {[%clk 0:43:39]} Ne4
{[%clk 0:50:18]} 20. Qd4 {[%clk 0:38:25]} Qa5 {[%clk 0:42:17]} 21. Qb2
{[%clk 0:35:44]} Qc5 {[%clk 0:37:54]} 22. Qd4 {[%clk 0:35:34]} Qh5
{[%clk 0:37:17]} 23. Bg2 {[%clk 0:33:40]} Nc5 {[%clk 0:35:31]} 24. Qe3
{[%clk 0:31:29]} Ne6 {[%clk 0:33:49]} 25. Nd4 {[%clk 0:26:18]} Bxg2
{[%clk 0:27:56]} 26. Nxe6 {[%clk 0:25:17]} dxe6 {[%clk 0:27:03]} 27. Kxg2
{[%clk 0:25:19]} Qa5 {[%clk 0:27:05]} 28. a4 {[%clk 0:22:19]} Rd6
{[%clk 0:25:46]} 29. Rxd6 {[%clk 0:18:14]} exd6 {[%clk 0:25:54]} 30. Rd1
{[%clk 0:17:33]} Qb4 {[%clk 0:23:21]} 31. Rd3 {[%clk 0:16:44]} Rc6
{[%clk 0:21:22]} 32. h4 {[%clk 0:15:55]} Qa5 {[%clk 0:20:07]} 33. Qf4
{[%clk 0:12:44]} Qc5 {[%clk 0:19:58]} 34. Qf6 {[%clk 0:12:03]} Qf5
{[%clk 0:17:57]} 35. Qe7 {[%clk 0:10:15]} Qc5 {[%clk 0:14:33]} 36. Qxa7
{[%clk 0:07:20]} Kg7 {[%clk 0:14:09]} 37. Qe7 {[%clk 0:06:11]} d5
{[%clk 0:12:44]} 38. Qxc5 {[%clk 0:06:06]} Rxc5 {[%clk 0:12:48]} 39. cxd5
{[%clk 0:06:06]} exd5 {[%clk 0:12:57]} 40. Kf3 {[%clk 0:05:35]} Kf6
{[%clk 0:12:44]} 41. Ke3 {[%clk 0:05:12]} Ke5 {[%clk 0:12:40]} 42. f4+
{[%clk 0:04:43]} Kd6 {[%clk 0:12:09]} 43. Kd2 {[%clk 0:04:31]} f5
{[%clk 0:11:34]} 44. Rc3 {[%clk 0:04:00]} Ra5 {[%clk 0:11:40]} 45. Rc8
{[%clk 0:03:42]} b5 {[%clk 0:11:24]} 46. axb5 {[%clk 0:03:39]} Rxb5
{[%clk 0:11:32]} 47. Kc3 {[%clk 0:03:25]} Rb7 {[%clk 0:11:38]} 48. b4
{[%clk 0:03:06]} Re7 {[%clk 0:11:17]} 49. Kd3 {[%clk 0:03:04]} Rb7
{[%clk 0:11:04]} 50. Rd8+ {[%clk 0:02:48]} Ke7 {[%clk 0:09:44]} 51. Rh8
{[%clk 0:02:43]} Rxb4 {[%clk 0:08:40]} 52. Rxh7+ {[%clk 0:02:50]} Kf6
{[%clk 0:08:40]} 53. e3 {[%clk 0:02:25]} d4 {[%clk 0:08:18]} 54. exd4
{[%clk 0:02:05]} Rb3+ {[%clk 0:08:24]} 55. Kc4 {[%clk 0:02:09]} Rxg3
{[%clk 0:08:29]} 56. h5 {[%clk 0:01:54]} gxh5 {[%clk 0:07:52]} 57. Rxh5
{[%clk 0:01:45]} Rg4 {[%clk 0:07:41]} 58. Rh6+ {[%clk 0:01:37]} Ke7
{[%clk 0:07:23]} 59. Kd5 {[%clk 0:01:22]} Rxf4 {[%clk 0:07:26]} 60. Ke5
{[%clk 0:01:11]} 1/2-1/2

[Event "HSG Open 2016"]
[Site "Hilversum"]
[Date "2016.06.17"]
[Round "2.7"]
[White "Vos, Tjark"]
[Black "Beerdsen, Thomas"]
[Result "0-1"]
[BlackElo "2396"]
[WhiteElo "2154"]
[LiveChessVersion "1.4.8"]

1. e4 {[%clk 1:50:18]} c5 {[%clk 1:50:12]} 2. Nf3 {[%clk 1:50:25]} e6
{[%clk 1:50:16]} 3. d4 {[%clk 1:50:27]} cxd4 {[%clk 1:50:14]} 4. Nxd4
{[%clk 1:50:32]} a6 {[%clk 1:50:20]} 5. Nc3 {[%clk 1:50:30]} d6 {[%clk 1:50:23]}
6. Be3 {[%clk 1:49:47]} Nf6 {[%clk 1:49:27]} 7. g4 {[%clk 1:49:45]} e5
{[%clk 1:47:23]} 8. Nf5 {[%clk 1:49:43]} h5 {[%clk 1:47:32]} 9. g5
{[%clk 1:41:25]} Nxe4 {[%clk 1:46:56]} 10. Nxg7+ {[%clk 1:41:26]} Bxg7
{[%clk 1:47:02]} 11. Nxe4 {[%clk 1:41:28]} d5 {[%clk 1:47:10]} 12. Ng3
{[%clk 1:31:41]} e4 {[%clk 1:46:44]} 13. c3 {[%clk 1:17:08]} Nc6 {[%clk 1:44:19]}
14. Nxh5 {[%clk 1:15:49]} Be5 {[%clk 1:43:49]} 15. Bg2 {[%clk 1:12:56]} Be6
{[%clk 1:37:24]} 16. f4 {[%clk 1:02:25]} exf3 {[%clk 1:36:30]} 17. Qxf3
{[%clk 1:00:41]} d4 {[%clk 1:33:45]} 18. Bf4 {[%clk 0:51:40]} dxc3
{[%clk 1:31:04]} 19. Bxe5 {[%clk 0:44:53]} Qd2+ {[%clk 1:30:24]} 20. Kf1
{[%clk 0:44:57]} Rxh5 {[%clk 1:27:32]} 21. Bxc3 {[%clk 0:44:27]} Qxg5
{[%clk 1:27:17]} 22. Re1 {[%clk 0:36:49]} O-O-O {[%clk 1:26:07]} 23. Re5
{[%clk 0:23:07]} Qxe5 {[%clk 1:14:16]} 24. Bxe5 {[%clk 0:23:02]} Rxe5
{[%clk 1:14:19]} 25. Bh3 {[%clk 0:17:44]} f5 {[%clk 1:12:46]} 26. Rg1
{[%clk 0:12:47]} Bc4+ {[%clk 1:10:34]} 27. Kf2 {[%clk 0:12:51]} Rd2+
{[%clk 1:10:42]} 28. Kg3 {[%clk 0:12:50]} Rd3 {[%clk 1:10:50]} 29. Rc1
{[%clk 0:11:55]} Rxf3+ {[%clk 1:10:23]} 30. Kxf3 {[%clk 0:12:00]} Bxa2
{[%clk 1:09:54]} 31. Kf4 {[%clk 0:11:54]} Re2 {[%clk 1:08:58]} 32. Bxf5+
{[%clk 0:11:09]} Kb8 {[%clk 1:09:06]} 33. Rc2 {[%clk 0:11:12]} Re1
{[%clk 1:08:24]} 34. Rg2 {[%clk 0:10:18]} Ne7 {[%clk 1:07:33]} 35. Bd3
{[%clk 0:09:12]} Nd5+ {[%clk 1:07:10]} 36. Kg5 {[%clk 0:09:06]} Re5+
{[%clk 1:07:17]} 37. Kh6 {[%clk 0:09:03]} Nf4 0-1

[Event "HSG Open 2016"]
[Site "Hilversum"]
[Date "2016.06.17"]
[Round "2.8"]
[White "Stark, Lars"]
[Black "Van Meegen, Ruud"]
[Result "1-0"]
[BlackElo "2193"]
[WhiteElo "2385"]
[LiveChessVersion "1.4.8"]

1. c4 {[%clk 1:50:18]} c5 {[%clk 1:50:15]} 2. g3 {[%clk 1:50:16]} g6
{[%clk 1:50:17]} 3. Bg2 {[%clk 1:50:23]} Bg7 {[%clk 1:50:22]} 4. Nc3
{[%clk 1:50:29]} Nc6 {[%clk 1:50:18]} 5. a3 {[%clk 1:49:32]} d6 {[%clk 1:45:07]}
6. e3 {[%clk 1:47:25]} e5 {[%clk 1:44:29]} 7. Nge2 {[%clk 1:46:08]} Nge7
{[%clk 1:44:27]} 8. Rb1 {[%clk 1:45:00]} a5 {[%clk 1:44:06]} 9. d3
{[%clk 1:44:55]} O-O {[%clk 1:43:29]} 10. O-O {[%clk 1:44:49]} Bg4
{[%clk 1:36:10]} 11. h3 {[%clk 1:44:42]} Be6 {[%clk 1:35:44]} 12. Nd5
{[%clk 1:44:12]} h5 {[%clk 1:19:32]} 13. Nec3 {[%clk 1:44:11]} Nf5
{[%clk 1:09:45]} 14. Bd2 {[%clk 1:39:04]} h4 {[%clk 1:06:45]} 15. g4
{[%clk 1:28:02]} Nh6 {[%clk 1:06:47]} 16. f4 {[%clk 1:26:59]} Rb8
{[%clk 1:00:56]} 17. b4 {[%clk 1:17:37]} axb4 {[%clk 0:58:32]} 18. axb4
{[%clk 1:17:41]} cxb4 {[%clk 0:57:33]} 19. Nxb4 {[%clk 1:16:16]} exf4
{[%clk 0:47:28]} 20. exf4 {[%clk 1:01:02]} Nd4 {[%clk 0:45:51]} 21. Nbd5
{[%clk 0:49:43]} Bd7 {[%clk 0:34:46]} 22. f5 {[%clk 0:49:08]} Nhxf5
{[%clk 0:27:43]} 23. gxf5 {[%clk 0:49:12]} Nxf5 {[%clk 0:27:39]} 24. Ne4
{[%clk 0:48:58]} Be6 {[%clk 0:25:04]} 25. Bg5 {[%clk 0:33:17]} Bd4+
{[%clk 0:24:50]} 26. Kh1 {[%clk 0:33:26]} f6 {[%clk 0:24:48]} 27. Bd2
{[%clk 0:33:32]} Bxd5 {[%clk 0:18:30]} 28. cxd5 {[%clk 0:33:33]} Qd7
{[%clk 0:18:30]} 29. Qg4 {[%clk 0:31:25]} Kf7 {[%clk 0:17:11]} 30. Bb4
{[%clk 0:22:27]} Ng3+ {[%clk 0:13:10]} 31. Nxg3 {[%clk 0:22:35]} Qxg4
{[%clk 0:13:11]} 32. hxg4 {[%clk 0:22:43]} hxg3 {[%clk 0:13:15]} 33. Bh3
{[%clk 0:22:27]} Rh8 {[%clk 0:12:20]} 34. Kg2 {[%clk 0:22:28]} Be5
{[%clk 0:12:18]} 35. d4 {[%clk 0:22:03]} 1-0

[Event "HSG Open 2016"]
[Site "Hilversum"]
[Date "2016.06.17"]
[Round "2.9"]
[White "Peng, Zhaoqin"]
[Black "Roebers, Jan"]
[Result "1-0"]
[BlackElo "2164"]
[WhiteElo "2379"]
[LiveChessVersion "1.4.8"]

1. d4 {[%clk 1:46:55]} Nf6 {[%clk 1:50:09]} 2. c4 {[%clk 1:46:42]} c5
{[%clk 1:49:58]} 3. d5 {[%clk 1:46:45]} e6 {[%clk 1:49:51]} 4. Nc3
{[%clk 1:46:31]} exd5 {[%clk 1:49:53]} 5. cxd5 {[%clk 1:46:39]} d6
{[%clk 1:49:53]} 6. e4 {[%clk 1:46:23]} g6 {[%clk 1:49:55]} 7. Nf3
{[%clk 1:45:32]} Bg7 {[%clk 1:49:44]} 8. h3 {[%clk 1:44:23]} O-O {[%clk 1:49:16]}
9. Bd3 {[%clk 1:44:26]} Na6 {[%clk 1:40:48]} 10. O-O {[%clk 1:44:14]} Nc7
{[%clk 1:33:24]} 11. Re1 {[%clk 1:43:54]} a6 {[%clk 1:29:55]} 12. a4
{[%clk 1:43:04]} Rb8 {[%clk 1:26:10]} 13. a5 {[%clk 1:37:10]} b5 {[%clk 1:24:08]}
14. axb6 {[%clk 1:37:19]} Rxb6 {[%clk 1:24:06]} 15. Ra2 {[%clk 1:36:09]} Re8
{[%clk 1:03:29]} 16. Bg5 {[%clk 1:25:46]} h6 {[%clk 0:58:37]} 17. Bd2
{[%clk 1:23:47]} Bd7 {[%clk 0:43:37]} 18. Na4 {[%clk 1:18:59]} Rb7
{[%clk 0:40:36]} 19. b3 {[%clk 1:11:19]} Qb8 {[%clk 0:36:52]} 20. Bc2
{[%clk 1:06:40]} Bxa4 {[%clk 0:28:29]} 21. Rxa4 {[%clk 0:55:24]} Nd7
{[%clk 0:28:22]} 22. Bf4 {[%clk 0:55:04]} Rb6 {[%clk 0:25:08]} 23. Qc1
{[%clk 0:49:07]} h5 {[%clk 0:19:42]} 24. Nd2 {[%clk 0:44:27]} Ne5
{[%clk 0:14:46]} 25. Bg3 {[%clk 0:43:44]} Rb4 {[%clk 0:13:46]} 26. f4
{[%clk 0:38:40]} Nd7 {[%clk 0:13:22]} 27. Nc4 {[%clk 0:38:04]} Rxa4
{[%clk 0:09:37]} 28. bxa4 {[%clk 0:38:11]} Bf8 {[%clk 0:06:13]} 29. f5
{[%clk 0:35:09]} Qb4 {[%clk 0:05:27]} 30. Nxd6 {[%clk 0:30:20]} Bxd6
{[%clk 0:05:22]} 31. Bxd6 {[%clk 0:30:28]} Nxd5 {[%clk 0:05:20]} 32. fxg6
{[%clk 0:22:17]} fxg6 {[%clk 0:05:28]} 33. e5 {[%clk 0:22:01]} Qd4+
{[%clk 0:03:59]} 34. Kh1 {[%clk 0:21:44]} Nf4 {[%clk 0:03:35]} 35. Re4
{[%clk 0:20:41]} Nd3 {[%clk 0:03:38]} 36. Rxd4 {[%clk 0:17:53]} Nxc1
{[%clk 0:03:46]} 37. Rd1 {[%clk 0:17:41]} Ne2 {[%clk 0:03:43]} 38. Bxg6
{[%clk 0:16:33]} Re6 {[%clk 0:03:47]} 39. Bd3 {[%clk 0:16:16]} 1-0